Obfuscations of Song Titles #2 - Statistics

General Stats
  • This quiz has been taken 27,124 times
  • The average score is 10 of 17
Answer Stats
Obfuscation Song Title % Correct
Heavy spherical object employed in the demolition of structures Wrecking Ball
85%
Adult with a Y chromosome located within an object designed for viewing reflections Man in the Mirror
81%
Precipitation in the penultimate month of the year November Rain
80%
The high speed thoroughfare which leads to a place of suffering for the damned Highway to Hell
79%
We did not initiate the exothermic chemical process of combustion We Didn't Start the Fire
76%
Creature of the class Aves which is not in a state of bondage or imprisonment Free Bird
67%
Existing on a supplication to a celestial diety Livin' on a Prayer
64%
Audiovisual media terminated the lifespan of celebrities from media which was solely audial in nature Video Killed the Radio Star
64%
Women of a high social status who are not currently part of a romantic pairing Single Ladies
63%
It is my conviction that I have the ability to travel through a gaseous substrate without being in contact with a grounded surface I Believe I Can Fly
58%
Sweet concoction of flour, eggs, and other ingredients near a gigantic body of water Cake by the Ocean
57%
I identify as a large tusked pinniped I am the Walrus
51%
Free-flowing musical composition related to the western half of the Czech Republic Bohemian Rhapsody
49%
There is no mercantile activity like the mercantile activity of stage productions There's No Business Like Show Business
42%
Yuletide season that reflects all light in the visible spectrum White Christmas
39%
Ambulating upon shards of transparent silicon dioxide Walking on Broken Glass
38%
The rhythmic sequence of movement which reduces the risk of death or injury The Safety Dance
29%
No matching quizzes found
Score Distribution
Percent of People with Each Score
Percentile by Number Answered
Your Score History
You have not taken this quiz